Представление документа в формате MARC21

Поле Инд. ПП Название Значение
Тип записи a
Библиографический уровень b
001 Контрольный номер f4037e253040457f881637256b15f804
005 Дата корректировки 20220405171817.1
024 80 a Стандартный номер DOI: 10.1088/1475-7516/2017/07/020
040 a Служба первич. каталог. РИНЦ
041 0_ a Код языка текста eng
097 a Чагина С.Г.
100 1_ a Автор Atkin E.
100 1_ a Автор Shumikhin V.
100 1_ a Автор -
100 1_ q Полное имя Горбунов Николай Васильевич
g Прочие сведения РИНЦ AuthorID: 241815 (http://elibrary.ru/author_items.asp?authorid=241815)
u Дополнение Горбунов Н. В.
i 000089017
a Автор Gorbunov N.
j Принадлежность неизвестного автора к последователям, ученикам, сторонникам, школе и т. д. государственный университет "Дубна"
c Титул (звания) доцент; кандидат технических наук
k Кафедра персональной электроники; Институт системного анализа и управления
100 1_ q Полное имя Гребенюк Виктор Матвеевич
u Дополнение Гребенюк В. М.
i 000089026
a Автор Grebenyuk V.
j Принадлежность неизвестного автора к последователям, ученикам, сторонникам, школе и т. д. государственный университет "Дубна"
c Титул (звания) кандидат технических наук
g Прочие сведения РИНЦ AuthorID: 29718 (https://elibrary.ru/author_profile.asp?id=29718); Scopus Author ID: 7005773032 (https://www.scopus.com/authid/detail.uri?authorId=7005773032)
k Кафедра персональной электроники; Институт системного анализа и управления
100 1_ q Полное имя Ткачев Леонид Григорьевич
g Прочие сведения РИНЦ AuthorID: 34976 (http://elibrary.ru/author_profile.asp?id= 34976); Scopus Author ID: 8333006800 (https://www.scopus.com/authid/detail.uri?authorId=8333006800)
a Автор Tkachev L.
u Дополнение Ткачев Л. Г.; Tkachev Leonid G.
c Титул (звания) старший научный сотрудник; кандидат физико-математических наук; доцент (должность)
i 000091260
k Кафедра ядерной физики; Инженерно-физический институт
j Принадлежность неизвестного автора к последователям, ученикам, сторонникам, школе и т. д. государственный университет "Дубна"
245 10 a Заглавие First results of the cosmic ray nucleon experiment
550 a Прим. об изд. организации Кафедра персональной электроники; Институт системного анализа и управления
773 18 t Название источника Journal of Cosmology and Astroparticle Physics
d Место и дата издания 2017
b Сведения об издании IOP Publishing Ltd.
c ENGLAND
m Специф. данные входит в Scopus;входит в WoS;Входит в ядро РИНЦ;зарубежный журнал;ненулевой импакт-фактор
p J. Cosmol. Astropart. Phys.
o Прочие индексы wos 4.734, scopus 3.91, ринц -
x ISSN 1475-7516
g Прочая информация V. 2017. - № 7. - P. 020
w Контрольный № источника 91062cb0454f4a099416cc774fb89f47
856 40 u URL https://elibrary.ru/item.asp?id=31037199
901 t Тип документа b
952 c Вид литературы статья в журнале